| 000 | 00352nam a22001457a 4500 | ||
|---|---|---|---|
| 020 | _a978-0-357-72187-2 | ||
| 082 | _a657.47 | ||
| 100 | _aZehms, Karla | ||
| 245 | _aAuditing: A Risk Based Approach | ||
| 250 | _a12th | ||
| 260 |
_aBoston: _bCengage Learning, _c2019 |
||
| 300 | _axxx, 962p.: ill.; 28cm | ||
| 500 | _aIncludes Index | ||
| 942 | _cBK | ||
| 999 |
_c22115 _d22115 |
||